00845 2200325 4500001002100000005001500021035002000036007000300056040001700059100002100076245003000097250001100127300002600138020002200164041000800186082001400194084002000208090001800228264003400246336002100280337003000301338002300331650001100354700003400365850001000399008004100409990002300450990002300473990002300496INLIS00000000000489320260516093118 a0010-0122000525ta aSBPUPADbind0 aHamkaePengarang1 aDi Bawah Lindungan Ka'bah aCet. 1 ax, 94 hlm. ;c20,5 cm a978-602-250-417-71 aind a899.221.3 a899.221.3 HAM d a2x6 ABB t 2 4 aJakarta :bGemi Insani,c2017 2rdacontentaTeks 2rdamediaaTanpa Perantara 2rdacarrieraVolume 4asastra aPenyunting, MaskahePengarang aPUPAD260516 0  a36.082/Br/DPK/2021 a36.080/Br/DPK/2021 a36.081/Br/DPK/2021